1086 1827 1461 1351 1754 1223 1005 1166 1160 1858 1222 1644 1676 1001 1791 1221 1748 1459 1080 1328 1438 1737 1828 1544 1017 1711 1871 1534 1926 1456 1144 1593 1725 1100 1863 1640 1981 1744 1281 1797 1689 1539 1862 1105 1609 1502 1238 1645 1147 1769 1174 1311 1787 1964 1343 1365 1266 1591 1978 1915 1258 1339 1512 1460 1730 1669 1638 1059 1034 1491 1782 1409 1761 1176 1697 1324 1507 1451 1648 1678 1139 1281 1326 1202 1362 1738 1550 1192 1147 1048 1459 1799 1036 1984 1160 1060 1007 1078 1682 BCNSPRNW ULIB Ver.6.0+V

เปลี่ยนเป็นภาษาไทย

Change to English
 แสดงรายละเอียดบรรณานุกรม
  กลับหน้าหลัก

Brief Record : Get Marc (ISO 2709) : E-mail record : QR code < ปิดหน้าต่าง
LEADER : 00000nam 2200000uu 4500
001    13399111657
003     ULIB
008    110627s||||||||th 000 0 tha d
020    9786165000345
090    นว.^bณ429ต 2553
100 0  ณารา
245 00 ตราบสิ้นสิเน่หา/^cณารา
250    พิมพ์ครั้งที่ 2
260    กรุงเทพฯ :^bพิมพ์คำ,^c2553
300    488 หน้า
945    ^p290^l0^i028054
995    ทศพร
999 ^a ใช้งานได้ทุกระบบ
รายการนี้ยังไม่มีแท็ก
คุณยังไม่ได้ล็อกอิน คุณสามารถมีกิจกรรมร่วมกับเว็บไซต์ได้ แต่ต้องล็อกอินก่อน ::
  ล็อกอิน

รายการสื่อสารสนเทศ

ลำดับที่ ประเภท เลขเรียก/บาร์โค้ด สถานที่ สถานะ
1. นวนิยาย
นวนิยาย
นว. ณ429ต 2553 ฉ.1 
  Barcode: 028054
ห้องสมุดวิทยาเขตสวรรค์ประชารักษ์
►นวนิยาย
ถูกยืม กำหนดส่งวันที่ 9 ธันวาคม 2559
  จอง

รายการใกล้เคียง
    ผู้แต่ง [ณารา]

BibComment


ยังไม่เคยถูกคอมเมนท์

คอมเมนท์ทรัพยากรรายการนี้
  คอมเมนท์: ตราบสิ้นสิเน่หา ณ..


 Copyright 2026. Bcnsprnw @Library